000 00672nam a2200229 a 4500
005 20210219153404.0
008 991125n 000 0 u
035 _aUPN01000095792
100 _aMuth, K. Denise
222 _aREADING RESEARCH AND INSTRUCTION
245 _aReading in mathematics : Middle school mathematics teachers' beliefs and practices
300 _a76-83
362 _a32, No. 2, 1993
505 _aAgosto 1993
653 0 _aACTITUD DOCENTE
653 0 _aDESARROLLO DEL MAESTRO
653 0 _aENSE\197ANZA MATEMATICA
653 0 _aLECTURA DEL AREA DEL CONTENIDO
653 0 _aROL DEL MAESTRO
904 _aAC
_b033603
905 _aArticulo
999 _c75655
_d75655